[Event "Team Championship Russia (Blitz, Women)"]
[Site "Sochi"]
[Date "2018.10.10"]
[Round "5.12"]
[White "Shafigullina, Zarina"]
[Black "Faizutdinova, Diana"]
[Result "1-0"]
[BlackElo "1940"]
[WhiteElo "1992"]
[LiveChessVersion "1.4.8"]

1. d4 {[%clk 0:03:03]} Nf6 {[%clk 0:03:03]} 2. Nf3 {[%clk 0:03:04]} g6
{[%clk 0:03:03]} 3. g3 {[%clk 0:03:05]} Bg7 {[%clk 0:03:04]} 4. Bg2
{[%clk 0:03:07]} O-O {[%clk 0:03:03]} 5. O-O {[%clk 0:03:07]} c6 {[%clk 0:03:04]}
6. c4 {[%clk 0:03:08]} d6 {[%clk 0:03:05]} 7. Nc3 {[%clk 0:03:08]} Bf5
{[%clk 0:03:06]} 8. Qb3 {[%clk 0:02:59]} Qc8 {[%clk 0:03:06]} 9. Nh4
{[%clk 0:02:56]} Be6 {[%clk 0:03:07]} 10. d5 {[%clk 0:02:50]} cxd5
{[%clk 0:03:08]} 11. cxd5 {[%clk 0:02:51]} Bd7 {[%clk 0:03:09]} 12. Bd2
{[%clk 0:02:44]} Na6 {[%clk 0:03:10]} 13. Rac1 {[%clk 0:02:41]} Nc5
{[%clk 0:03:11]} 14. Qd1 {[%clk 0:02:37]} a5 {[%clk 0:03:11]} 15. Nf3
{[%clk 0:02:35]} b5 {[%clk 0:03:05]} 16. a3 {[%clk 0:02:30]} a4 {[%clk 0:02:59]}
17. Nd4 {[%clk 0:02:31]} Rb8 {[%clk 0:02:38]} 18. Nc6 {[%clk 0:02:32]} Bxc6
{[%clk 0:02:39]} 19. dxc6 {[%clk 0:02:33]} Rd8 {[%clk 0:01:33]} 20. Be3
{[%clk 0:02:35]} Nb3 {[%clk 0:01:31]} 21. Rc2 {[%clk 0:02:36]} e6
{[%clk 0:01:23]} 22. Ba7 {[%clk 0:02:36]} Ra8 {[%clk 0:01:12]} 23. c7
{[%clk 0:02:01]} Rxa7 {[%clk 0:01:03]} 24. Nxb5 {[%clk 0:01:52]} Ra6
{[%clk 0:00:51]} 25. Bb7 {[%clk 0:01:46]} Nc5 {[%clk 0:00:11]} 26. Bxc8
{[%clk 0:01:23]} Rxc8 {[%clk 0:00:12]} 27. Rxc5 {[%clk 0:01:18]} dxc5
{[%clk 0:00:11]} 28. Qd8+ {[%clk 0:01:18]} 1-0

[Event "Team Championship Russia (Blitz, Women)"]
[Site "Sochi"]
[Date "2018.10.10"]
[Round "6.1"]
[White "Pogonina, Natalija"]
[Black "Samusenko, Ramziya"]
[Result "1-0"]
[BlackElo "2075"]
[WhiteElo "2328"]
[LiveChessVersion "1.4.8"]

1. d4 {[%clk 0:03:02]} d6 {[%clk 0:03:03]} 2. e4 {[%clk 0:03:01]} Nf6
{[%clk 0:03:04]} 3. Nc3 {[%clk 0:03:01]} c6 {[%clk 0:03:02]} 4. Nf3
{[%clk 0:03:00]} Bg4 {[%clk 0:03:03]} 5. h3 {[%clk 0:03:00]} Bh5 {[%clk 0:03:03]}
6. Be2 {[%clk 0:02:57]} e6 {[%clk 0:03:03]} 7. Be3 {[%clk 0:02:55]} Be7
{[%clk 0:02:57]} 8. Qd2 {[%clk 0:02:42]} d5 {[%clk 0:02:52]} 9. exd5
{[%clk 0:02:25]} exd5 {[%clk 0:02:40]} 10. O-O-O {[%clk 0:02:18]} Nbd7
{[%clk 0:02:32]} 11. Ne5 {[%clk 0:02:14]} Bxe2 {[%clk 0:02:22]} 12. Qxe2
{[%clk 0:02:11]} O-O {[%clk 0:02:06]} 13. g4 {[%clk 0:02:06]} Qa5
{[%clk 0:01:44]} 14. g5 {[%clk 0:01:48]} Nxe5 {[%clk 0:01:38]} 15. gxf6
{[%clk 0:01:41]} Ba3 {[%clk 0:00:28]} 16. dxe5 {[%clk 0:01:20]} Qxc3
{[%clk 0:00:18]} 17. Bd4 {[%clk 0:00:54]} Bxb2+ {[%clk 0:00:12]} 18. Kb1
{[%clk 0:00:55]} Qb4 {[%clk 0:00:08]} 19. Bxb2 {[%clk 0:00:55]} c5
{[%clk 0:00:06]} 20. Rhg1 {[%clk 0:00:44]} g6 {[%clk 0:00:05]} 21. Qe3
{[%clk 0:00:41]} Kh8 {[%clk 0:00:03]} 22. Rxd5 {[%clk 0:00:36]} c4
{[%clk 0:00:00]} 23. Rgd1 {[%clk 0:00:36]} a5 {[%clk 0:00:00]} 24. Qh6
{[%clk 0:00:36]} Rg8 {[%clk 0:00:00]} 1-0

[Event "Team Championship Russia (Blitz, Women)"]
[Site "Sochi"]
[Date "2018.10.10"]
[Round "6.2"]
[White "Goncharova, Natalia"]
[Black "Girya, Olga"]
[Result "0-1"]
[BlackElo "2389"]
[WhiteElo "1730"]
[LiveChessVersion "1.4.8"]

1. e4 {[%clk 0:03:03]} c6 {[%clk 0:03:04]} 2. d4 {[%clk 0:03:04]} d5
{[%clk 0:03:05]} 3. exd5 {[%clk 0:03:04]} cxd5 {[%clk 0:03:06]} 4. Bd3
{[%clk 0:03:05]} Nc6 {[%clk 0:03:06]} 5. c3 {[%clk 0:03:06]} Qc7 {[%clk 0:03:07]}
6. Nf3 {[%clk 0:03:06]} Bg4 {[%clk 0:03:04]} 7. O-O {[%clk 0:03:05]} e6
{[%clk 0:03:05]} 8. Be3 {[%clk 0:03:03]} Bd6 {[%clk 0:03:05]} 9. Nbd2
{[%clk 0:03:03]} Bxh2+ {[%clk 0:03:04]} 10. Kh1 {[%clk 0:02:56]} Bd6
{[%clk 0:03:02]} 11. Rc1 {[%clk 0:02:39]} Nf6 {[%clk 0:02:58]} 12. g3
{[%clk 0:02:32]} h5 {[%clk 0:02:32]} 13. Kg2 {[%clk 0:02:32]} h4 {[%clk 0:02:30]}
14. Rh1 {[%clk 0:02:26]} h3+ {[%clk 0:02:27]} 15. Kf1 {[%clk 0:02:19]} Nh5
{[%clk 0:02:05]} 16. Qe1 {[%clk 0:02:16]} Qe7 {[%clk 0:01:10]} 17. Bg5
{[%clk 0:02:09]} f6 {[%clk 0:01:03]} 18. Bg6+ {[%clk 0:02:06]} Kd7
{[%clk 0:01:01]} 19. Be3 {[%clk 0:01:56]} Qd8 {[%clk 0:00:39]} 20. c4
{[%clk 0:01:48]} Ne7 {[%clk 0:00:36]} 21. c5 {[%clk 0:01:44]} Bc7
{[%clk 0:00:34]} 22. Bd3 {[%clk 0:01:43]} Nc6 {[%clk 0:00:31]} 23. Rb1
{[%clk 0:01:39]} Ba5 {[%clk 0:00:29]} 24. a3 {[%clk 0:01:36]} Bxf3
{[%clk 0:00:29]} 25. b4 {[%clk 0:01:34]} Bg2+ {[%clk 0:00:30]} 26. Kg1
{[%clk 0:01:32]} Bxh1 {[%clk 0:00:26]} 27. Kxh1 {[%clk 0:01:33]} Bc7
{[%clk 0:00:26]} 28. b5 {[%clk 0:01:33]} Ne7 {[%clk 0:00:25]} 29. c6+
{[%clk 0:01:21]} bxc6 {[%clk 0:00:24]} 30. bxc6+ {[%clk 0:01:22]} Ke8
{[%clk 0:00:25]} 31. Rb7 {[%clk 0:01:16]} Rb8 {[%clk 0:00:25]} 32. Rxa7
{[%clk 0:01:14]} Kf8 {[%clk 0:00:25]} 33. Qe2 {[%clk 0:01:04]} Nxc6
{[%clk 0:00:24]} 34. Ra6 {[%clk 0:01:01]} Rb6 {[%clk 0:00:24]} 35. Rxb6
{[%clk 0:00:53]} Bxb6 {[%clk 0:00:25]} 36. Qg4 {[%clk 0:00:54]} Qd6
{[%clk 0:00:19]} 37. a4 {[%clk 0:00:47]} f5 {[%clk 0:00:14]} 38. Qg6
{[%clk 0:00:47]} Nf6 {[%clk 0:00:15]} 39. Bg5 {[%clk 0:00:46]} Ne7
{[%clk 0:00:16]} 40. Bf4 {[%clk 0:00:41]} Qxf4 {[%clk 0:00:13]} 41. Qxf6+
{[%clk 0:00:39]} gxf6 {[%clk 0:00:15]} 42. gxf4 {[%clk 0:00:41]} Bxd4
{[%clk 0:00:15]} 43. Nf3 {[%clk 0:00:31]} Ba7 {[%clk 0:00:16]} 44. a5 Ng6 0-1

[Event "Team Championship Russia (Blitz, Women)"]
[Site "Sochi"]
[Date "2018.10.10"]
[Round "6.3"]
[White "Guseva, Marina"]
[Black "Fairuzova, Zulfiiya"]
[Result "1-0"]
[BlackElo "1764"]
[WhiteElo "2292"]
[LiveChessVersion "1.4.8"]

1. d4 {[%clk 0:03:03]} Nf6 {[%clk 0:03:03]} 2. c4 {[%clk 0:03:04]} e6
{[%clk 0:03:04]} 3. Nc3 {[%clk 0:03:05]} b6 {[%clk 0:03:05]} 4. e4
{[%clk 0:03:05]} d6 {[%clk 0:03:03]} 5. Bd3 {[%clk 0:03:05]} Bb7 {[%clk 0:03:03]}
6. Nge2 {[%clk 0:03:05]} e5 {[%clk 0:03:02]} 7. O-O {[%clk 0:03:04]} Be7
{[%clk 0:03:03]} 8. d5 {[%clk 0:02:55]} O-O {[%clk 0:03:02]} 9. Ng3
{[%clk 0:02:56]} Bc8 {[%clk 0:02:55]} 10. Nf5 {[%clk 0:02:54]} Bxf5
{[%clk 0:02:55]} 11. exf5 {[%clk 0:02:55]} Nbd7 {[%clk 0:02:56]} 12. Kh1
{[%clk 0:02:49]} Nc5 {[%clk 0:02:56]} 13. Bc2 {[%clk 0:02:50]} a5
{[%clk 0:02:50]} 14. Rg1 {[%clk 0:02:47]} Nfd7 {[%clk 0:02:50]} 15. g3
{[%clk 0:02:43]} Bf6 {[%clk 0:02:39]} 16. Be3 {[%clk 0:02:36]} g6
{[%clk 0:02:05]} 17. a3 {[%clk 0:02:28]} Bg7 {[%clk 0:02:04]} 18. b4
{[%clk 0:02:27]} axb4 {[%clk 0:02:04]} 19. axb4 {[%clk 0:02:28]} Rxa1
{[%clk 0:02:05]} 20. Qxa1 {[%clk 0:02:29]} Nb7 {[%clk 0:02:03]} 21. Qa7
{[%clk 0:02:17]} Qc8 {[%clk 0:02:03]} 22. fxg6 {[%clk 0:02:06]} fxg6
{[%clk 0:01:55]} 23. Be4 {[%clk 0:02:00]} Nf6 {[%clk 0:01:36]} 24. Re1
{[%clk 0:01:54]} Nxe4 {[%clk 0:01:21]} 25. Nxe4 {[%clk 0:01:55]} c6
{[%clk 0:01:01]} 26. Qxb6 {[%clk 0:01:51]} cxd5 {[%clk 0:00:54]} 27. cxd5
{[%clk 0:01:52]} Qc2 {[%clk 0:00:28]} 28. Ng5 {[%clk 0:01:48]} Qc8
{[%clk 0:00:09]} 29. Rc1 {[%clk 0:01:47]} Qa8 {[%clk 0:00:09]} 30. Kg1
{[%clk 0:01:41]} Nd8 {[%clk 0:00:06]} 31. Qxd6 {[%clk 0:01:40]} Qa3
{[%clk 0:00:00]} 1-0

[Event "Team Championship Russia (Blitz, Women)"]
[Site "Sochi"]
[Date "2018.10.10"]
[Round "6.4"]
[White "Ershova, Margarita"]
[Black "Kovanova, Baira"]
[Result "0-1"]
[BlackElo "2205"]
[WhiteElo "1596"]
[LiveChessVersion "1.4.8"]

1. d4 {[%clk 0:03:03]} Nf6 {[%clk 0:03:04]} 2. Bf4 {[%clk 0:03:03]} d6
{[%clk 0:03:02]} 3. Nc3 {[%clk 0:02:59]} g6 {[%clk 0:03:03]} 4. e4
{[%clk 0:02:59]} Bg7 {[%clk 0:03:04]} 5. f3 {[%clk 0:03:00]} c6 {[%clk 0:03:02]}
6. Qd2 {[%clk 0:03:01]} h5 {[%clk 0:02:32]} 7. h3 {[%clk 0:02:57]} b5
{[%clk 0:02:31]} 8. Bd3 {[%clk 0:02:51]} Nbd7 {[%clk 0:02:27]} 9. Nge2
{[%clk 0:02:50]} Bb7 {[%clk 0:02:24]} 10. Nc1 {[%clk 0:02:34]} e5
{[%clk 0:02:20]} 11. dxe5 {[%clk 0:02:32]} Nxe5 {[%clk 0:02:21]} 12. Bxe5
{[%clk 0:02:31]} dxe5 {[%clk 0:02:22]} 13. Nb3 {[%clk 0:02:19]} Qb6
{[%clk 0:02:18]} 14. Qf2 {[%clk 0:02:15]} Nd7 {[%clk 0:02:13]} 15. a4
{[%clk 0:02:00]} b4 {[%clk 0:02:07]} 16. Ne2 {[%clk 0:01:53]} c5 {[%clk 0:01:51]}
17. O-O {[%clk 0:01:45]} O-O {[%clk 0:01:37]} 18. Bc4 {[%clk 0:01:42]} Qc7
{[%clk 0:01:33]} 19. Rfd1 {[%clk 0:01:35]} Nb6 {[%clk 0:01:30]} 20. Nd2
{[%clk 0:01:30]} Rfd8 {[%clk 0:01:23]} 21. a5 {[%clk 0:01:24]} Rxd2
{[%clk 0:01:18]} 22. axb6 {[%clk 0:01:09]} Rxd1+ {[%clk 0:01:18]} 23. Rxd1
{[%clk 0:01:09]} Qxb6 {[%clk 0:01:19]} 24. Rd7 {[%clk 0:01:03]} Rf8
{[%clk 0:01:20]} 25. Qg3 {[%clk 0:00:56]} Ba6 {[%clk 0:01:17]} 26. Bxa6
{[%clk 0:00:45]} Qxa6 {[%clk 0:01:17]} 27. Qf2 {[%clk 0:00:39]} Qa1+
{[%clk 0:00:53]} 28. Kh2 {[%clk 0:00:39]} Qxb2 {[%clk 0:00:53]} 29. Qxc5
{[%clk 0:00:37]} b3 {[%clk 0:00:51]} 30. Rxa7 {[%clk 0:00:32]} Bh6
{[%clk 0:00:31]} 31. Rb7 {[%clk 0:00:18]} Qxc2 {[%clk 0:00:27]} 32. Qxc2
{[%clk 0:00:19]} bxc2 {[%clk 0:00:28]} 33. Rc7 {[%clk 0:00:20]} c1=Q
{[%clk 0:00:18]} 34. Nxc1 {[%clk 0:00:21]} Bf4+ {[%clk 0:00:19]} 35. Kg1
{[%clk 0:00:20]} Rd8 {[%clk 0:00:20]} 36. Ne2 {[%clk 0:00:19]} Be3+
{[%clk 0:00:17]} 37. Kh2 {[%clk 0:00:20]} Rd2 {[%clk 0:00:17]} 38. Rc8+
{[%clk 0:00:18]} Kg7 {[%clk 0:00:18]} 39. Ng3 {[%clk 0:00:18]} Bf4
{[%clk 0:00:18]} 40. Rc1 {[%clk 0:00:05]} h4 {[%clk 0:00:19]} 41. Re1
{[%clk 0:00:03]} Bxg3+ {[%clk 0:00:20]} 0-1

[Event "Team Championship Russia (Blitz, Women)"]
[Site "Sochi"]
[Date "2018.10.10"]
[Round "6.5"]
[White "Vifleemskaia, Svetlana"]
[Black "Bodnaruk, Anastasia"]
[Result "0-1"]
[BlackElo "2358"]
[WhiteElo "2145"]
[LiveChessVersion "1.4.8"]

1. d4 {[%clk 0:03:03]} Nf6 {[%clk 0:03:03]} 2. c4 {[%clk 0:03:04]} g6
{[%clk 0:03:04]} 3. Nc3 {[%clk 0:03:05]} Bg7 {[%clk 0:03:06]} 4. e4
{[%clk 0:03:06]} d6 {[%clk 0:03:07]} 5. Nge2 {[%clk 0:03:07]} O-O
{[%clk 0:03:07]} 6. Ng3 {[%clk 0:03:08]} e5 {[%clk 0:02:59]} 7. d5
{[%clk 0:03:09]} h5 {[%clk 0:03:00]} 8. Bg5 {[%clk 0:03:06]} Qe8 {[%clk 0:02:55]}
9. Be2 {[%clk 0:02:56]} Nh7 {[%clk 0:02:51]} 10. Be3 {[%clk 0:02:45]} h4
{[%clk 0:02:39]} 11. Nf1 {[%clk 0:02:46]} f5 {[%clk 0:02:41]} 12. exf5
{[%clk 0:02:37]} gxf5 {[%clk 0:02:41]} 13. f4 {[%clk 0:02:35]} Nf6
{[%clk 0:02:27]} 14. Qd2 {[%clk 0:01:28]} Ng4 {[%clk 0:02:15]} 15. Bxg4
{[%clk 0:01:18]} exf4 {[%clk 0:02:16]} 16. Be2 {[%clk 0:01:13]} fxe3
{[%clk 0:02:15]} 17. Qxe3 {[%clk 0:01:05]} Qg6 {[%clk 0:02:02]} 18. Nd2
{[%clk 0:00:35]} f4 {[%clk 0:01:40]} 19. Qf3 {[%clk 0:00:22]} Nd7
{[%clk 0:01:38]} 20. O-O {[%clk 0:00:15]} Ne5 {[%clk 0:01:37]} 21. Qh5
{[%clk 0:00:12]} Qxh5 {[%clk 0:01:20]} 22. Bxh5 {[%clk 0:00:13]} Nd3
{[%clk 0:01:06]} 23. Rab1 {[%clk 0:00:07]} Bd4+ {[%clk 0:01:03]} 24. Kh1
{[%clk 0:00:06]} Nf2+ {[%clk 0:01:04]} 25. Rxf2 {[%clk 0:00:06]} Bxf2
{[%clk 0:01:05]} 26. Nde4 {[%clk 0:00:06]} Be3 {[%clk 0:01:01]} 27. b4
{[%clk 0:00:06]} Bf5 {[%clk 0:00:59]} 28. Rd1 {[%clk 0:00:06]} Kg7
{[%clk 0:00:47]} 29. Bf3 {[%clk 0:00:06]} Rfe8 {[%clk 0:00:43]} 30. c5
{[%clk 0:00:04]} Rad8 {[%clk 0:00:35]} 31. h3 {[%clk 0:00:04]} Re7 0-1

[Event "Team Championship Russia (Blitz, Women)"]
[Site "Sochi"]
[Date "2018.10.10"]
[Round "6.6"]
[White "Ovod, Evgenija"]
[Black "Shendrik, Zhanna"]
[Result "1-0"]
[BlackElo "1938"]
[WhiteElo "2172"]
[LiveChessVersion "1.4.8"]

1. e4 {[%clk 0:03:03]} c5 {[%clk 0:03:03]} 2. c3 {[%clk 0:03:04]} e6
{[%clk 0:03:01]} 3. d4 {[%clk 0:03:01]} Nf6 {[%clk 0:02:57]} 4. Bd3
{[%clk 0:02:51]} Nc6 {[%clk 0:02:40]} 5. Nf3 {[%clk 0:02:51]} Be7
{[%clk 0:02:37]} 6. O-O {[%clk 0:02:50]} b6 {[%clk 0:02:22]} 7. Re1
{[%clk 0:02:39]} Bb7 {[%clk 0:02:09]} 8. Nbd2 {[%clk 0:02:25]} Rc8
{[%clk 0:01:39]} 9. a3 {[%clk 0:02:21]} d6 {[%clk 0:01:29]} 10. Nf1
{[%clk 0:02:20]} e5 {[%clk 0:01:23]} 11. dxe5 {[%clk 0:02:05]} dxe5
{[%clk 0:01:16]} 12. Qc2 {[%clk 0:01:54]} O-O {[%clk 0:01:17]} 13. Bg5
{[%clk 0:01:45]} h6 {[%clk 0:01:16]} 14. Bh4 {[%clk 0:01:46]} Nd7
{[%clk 0:00:50]} 15. Bg3 {[%clk 0:01:43]} Bd6 {[%clk 0:00:47]} 16. Ne3
{[%clk 0:01:40]} Re8 {[%clk 0:00:36]} 17. Rad1 {[%clk 0:01:39]} Qc7
{[%clk 0:00:36]} 18. Bc4 {[%clk 0:01:32]} Na5 {[%clk 0:00:32]} 19. Bd5
{[%clk 0:01:24]} Nf6 {[%clk 0:00:29]} 20. Bxb7 {[%clk 0:01:21]} Nxb7
{[%clk 0:00:30]} 21. Nf5 {[%clk 0:01:15]} Nd7 {[%clk 0:00:17]} 22. Rd2
{[%clk 0:00:48]} Re6 {[%clk 0:00:18]} 23. Red1 {[%clk 0:00:48]} Rd8
{[%clk 0:00:12]} 24. Qa4 {[%clk 0:00:44]} f6 {[%clk 0:00:05]} 25. Qc4
{[%clk 0:00:36]} Nf8 {[%clk 0:00:03]} 26. N3h4 {[%clk 0:00:27]} Kh7
{[%clk 0:00:04]} 27. Qe2 {[%clk 0:00:20]} Ree8 {[%clk 0:00:05]} 28. Qg4
{[%clk 0:00:17]} Qe7 {[%clk 0:00:03]} 29. Nxe7 {[%clk 0:00:18]} 1-0

[Event "Team Championship Russia (Blitz, Women)"]
[Site "Sochi"]
[Date "2018.10.10"]
[Round "6.7"]
[White "Zavivaeva, Emilia"]
[Black "Belenkaya, Dina"]
[Result "0-1"]
[BlackElo "2164"]
[WhiteElo "1550"]
[LiveChessVersion "1.4.8"]

1. e4 {[%clk 0:03:01]} c6 {[%clk 0:03:03]} 2. d4 {[%clk 0:03:01]} d5
{[%clk 0:03:04]} 3. exd5 {[%clk 0:03:02]} cxd5 {[%clk 0:03:05]} 4. Bd3
{[%clk 0:03:04]} Nc6 {[%clk 0:03:07]} 5. c3 {[%clk 0:03:05]} Qc7 {[%clk 0:03:08]}
6. h3 {[%clk 0:02:54]} Nf6 {[%clk 0:03:07]} 7. Ne2 {[%clk 0:02:51]} g6
{[%clk 0:03:05]} 8. Bf4 {[%clk 0:02:52]} Qb6 {[%clk 0:03:04]} 9. Qc2
{[%clk 0:02:49]} Bg7 {[%clk 0:02:56]} 10. Nd2 {[%clk 0:02:46]} Bd7
{[%clk 0:02:56]} 11. Nb3 {[%clk 0:02:38]} O-O {[%clk 0:02:47]} 12. Nc5
{[%clk 0:02:39]} Rac8 {[%clk 0:02:45]} 13. O-O {[%clk 0:02:35]} Rfd8
{[%clk 0:02:05]} 14. a4 {[%clk 0:01:59]} Be8 {[%clk 0:01:58]} 15. a5
{[%clk 0:01:56]} Nxa5 {[%clk 0:01:49]} 16. b4 {[%clk 0:01:08]} Nc4
{[%clk 0:01:43]} 17. Bxc4 {[%clk 0:00:56]} dxc4 {[%clk 0:01:44]} 18. Ng3
{[%clk 0:00:35]} Nd5 {[%clk 0:01:41]} 19. Bd2 {[%clk 0:00:23]} a6
{[%clk 0:01:30]} 20. Rfe1 {[%clk 0:00:22]} Bc6 {[%clk 0:01:27]} 21. Nge4
{[%clk 0:00:18]} Qc7 {[%clk 0:01:23]} 22. Bg5 {[%clk 0:00:08]} Re8
{[%clk 0:01:21]} 23. Nd2 {[%clk 0:00:08]} Nb6 {[%clk 0:01:11]} 24. Re2
{[%clk 0:00:06]} e5 {[%clk 0:01:03]} 25. dxe5 {[%clk 0:00:04]} Rxe5
{[%clk 0:01:00]} 26. Bf4 {[%clk 0:00:04]} Rd8 {[%clk 0:00:42]} 27. Rae1
{[%clk 0:00:04]} Rxe2 {[%clk 0:00:41]} 28. Rxe2 {[%clk 0:00:03]} Qxf4
{[%clk 0:00:41]} 29. Nde4 {[%clk 0:00:03]} Bxe4 {[%clk 0:00:39]} 30. Nxe4
{[%clk 0:00:04]} h5 {[%clk 0:00:35]} 31. g3 {[%clk 0:00:05]} Qf3 {[%clk 0:00:35]}
32. h4 {[%clk 0:00:05]} Qd3 {[%clk 0:00:35]} 33. Qb2 {[%clk 0:00:04]} Qd1+
{[%clk 0:00:32]} 34. Kg2 {[%clk 0:00:05]} Rd3 {[%clk 0:00:30]} 35. Nc5
{[%clk 0:00:05]} Rxc3 {[%clk 0:00:22]} 36. Rd2 {[%clk 0:00:05]} Qc1
{[%clk 0:00:19]} 37. Qa2 {[%clk 0:00:04]} Kh7 {[%clk 0:00:12]} 38. Nxb7
{[%clk 0:00:04]} Rb3 {[%clk 0:00:10]} 39. Nc5 {[%clk 0:00:05]} Rb1
{[%clk 0:00:11]} 40. Nxa6 {[%clk 0:00:03]} Qh1# {[%clk 0:00:11]} 0-1

[Event "Team Championship Russia (Blitz, Women)"]
[Site "Sochi"]
[Date "2018.10.10"]
[Round "6.8"]
[White "Styazhkina, Anna"]
[Black "Zavivaeva, Evelina"]
[Result "1-0"]
[BlackElo "1328"]
[WhiteElo "2128"]
[LiveChessVersion "1.4.8"]

1. e4 {[%clk 0:03:02]} e6 {[%clk 0:03:04]} 2. Nf3 {[%clk 0:02:59]} d5
{[%clk 0:03:02]} 3. Nc3 {[%clk 0:03:00]} Nc6 {[%clk 0:02:58]} 4. Bb5
{[%clk 0:02:46]} dxe4 {[%clk 0:02:43]} 5. Nxe4 {[%clk 0:02:47]} Nf6
{[%clk 0:02:44]} 6. Nxf6+ {[%clk 0:02:35]} Qxf6 {[%clk 0:02:38]} 7. Bxc6+
{[%clk 0:02:17]} bxc6 {[%clk 0:02:32]} 8. d4 {[%clk 0:02:11]} Ba6
{[%clk 0:02:09]} 9. c3 {[%clk 0:01:43]} Qg6 {[%clk 0:01:35]} 10. Rg1
{[%clk 0:01:22]} Bd6 {[%clk 0:00:59]} 11. Be3 {[%clk 0:01:18]} h6
{[%clk 0:00:24]} 12. Qd2 {[%clk 0:01:11]} O-O {[%clk 0:00:17]} 13. O-O-O
{[%clk 0:00:49]} Rab8 {[%clk 0:00:14]} 14. Qc2 {[%clk 0:00:46]} Qf6
{[%clk 0:00:04]} 15. Nd2 {[%clk 0:00:37]} Qe7 {[%clk 0:00:03]} 16. Nb3
{[%clk 0:00:31]} Bc4 {[%clk 0:00:03]} 17. g4 {[%clk 0:00:28]} Bxb3
{[%clk 0:00:04]} 18. axb3 {[%clk 0:00:29]} Qd7 {[%clk 0:00:05]} 19. h4
{[%clk 0:00:18]} Rfc8 {[%clk 0:00:04]} 20. h5 {[%clk 0:00:17]} Qe7
{[%clk 0:00:04]} 21. g5 {[%clk 0:00:18]} Kf8 {[%clk 0:00:03]} 22. gxh6
{[%clk 0:00:18]} Ke8 {[%clk 0:00:04]} 23. hxg7 {[%clk 0:00:19]} Kd7
{[%clk 0:00:05]} 24. h6 {[%clk 0:00:17]} Qh4 {[%clk 0:00:04]} 25. h7
{[%clk 0:00:15]} Qf6 {[%clk 0:00:03]} 26. g8=Q {[%clk 0:00:13]} Rxg8
{[%clk 0:00:03]} 27. hxg8=Q {[%clk 0:00:10]} Rxg8 28. Rxg8 {[%clk 0:00:10]} 1-0

[Event "Team Championship Russia (Blitz, Women)"]
[Site "Sochi"]
[Date "2018.10.10"]
[Round "6.9"]
[White "Maltseva, Aleksandra"]
[Black "Suslova, Alena"]
[Result "0-1"]
[BlackElo "2030"]
[WhiteElo "1405"]
[LiveChessVersion "1.4.8"]

1. e4 {[%clk 0:03:03]} c5 {[%clk 0:03:03]} 2. Nf3 {[%clk 0:03:02]} Nc6
{[%clk 0:03:04]} 3. c3 {[%clk 0:03:03]} Nf6 {[%clk 0:03:00]} 4. e5
{[%clk 0:03:01]} Nd5 {[%clk 0:03:01]} 5. d4 {[%clk 0:03:02]} cxd4
{[%clk 0:03:00]} 6. cxd4 {[%clk 0:03:03]} e6 {[%clk 0:02:56]} 7. Nc3
{[%clk 0:02:57]} Nxc3 {[%clk 0:02:49]} 8. bxc3 {[%clk 0:02:57]} d6
{[%clk 0:02:49]} 9. Bb5 {[%clk 0:02:57]} Bd7 {[%clk 0:02:33]} 10. O-O
{[%clk 0:02:35]} dxe5 {[%clk 0:02:22]} 11. Bxc6 {[%clk 0:02:29]} Bxc6
{[%clk 0:02:16]} 12. Nxe5 {[%clk 0:02:29]} Qd5 {[%clk 0:02:01]} 13. Nxc6
{[%clk 0:02:12]} Qxc6 {[%clk 0:02:01]} 14. Qb3 {[%clk 0:02:11]} Bd6
{[%clk 0:01:56]} 15. Be3 {[%clk 0:02:04]} O-O {[%clk 0:01:54]} 16. Rab1
{[%clk 0:01:55]} b6 {[%clk 0:01:54]} 17. f4 {[%clk 0:01:55]} Rac8
{[%clk 0:01:36]} 18. Rbc1 {[%clk 0:01:50]} Qc4 {[%clk 0:01:31]} 19. Qc2
{[%clk 0:01:44]} Ba3 {[%clk 0:01:27]} 20. Rce1 {[%clk 0:01:32]} Qxc3
{[%clk 0:01:26]} 21. Qe4 {[%clk 0:01:33]} Qc2 {[%clk 0:01:20]} 22. Qf3
{[%clk 0:01:22]} Qxa2 {[%clk 0:01:12]} 23. Qg4 {[%clk 0:01:15]} f5
{[%clk 0:01:00]} 24. Qg5 {[%clk 0:01:08]} Rc7 {[%clk 0:00:52]} 25. Rf3
{[%clk 0:01:02]} Bb4 {[%clk 0:00:40]} 26. Ref1 {[%clk 0:00:58]} Rfc8
{[%clk 0:00:30]} 27. Rg3 {[%clk 0:00:53]} a5 {[%clk 0:00:28]} 28. Qh6
{[%clk 0:00:39]} a4 {[%clk 0:00:22]} 29. Qh5 {[%clk 0:00:34]} a3 {[%clk 0:00:20]}
30. Rh3 {[%clk 0:00:35]} g6 {[%clk 0:00:21]} 31. Qg5 {[%clk 0:00:30]} Rf7
{[%clk 0:00:17]} 32. d5 {[%clk 0:00:26]} Qxd5 {[%clk 0:00:17]} 33. Bxb6
{[%clk 0:00:26]} a2 {[%clk 0:00:16]} 34. Be3 {[%clk 0:00:20]} Bc3
{[%clk 0:00:15]} 35. Qg3 {[%clk 0:00:15]} a1=Q {[%clk 0:00:16]} 36. Rxa1
{[%clk 0:00:16]} Bxa1 {[%clk 0:00:17]} 37. Qf2 {[%clk 0:00:15]} Bf6
{[%clk 0:00:16]} 38. Bd2 {[%clk 0:00:13]} Bd4 {[%clk 0:00:16]} 39. Re3
{[%clk 0:00:08]} Bxe3 {[%clk 0:00:17]} 40. Qxe3 {[%clk 0:00:10]} Rd7
{[%clk 0:00:17]} 41. h3 {[%clk 0:00:09]} Re8 {[%clk 0:00:16]} 42. Be1 Qd4 43.
Qxd4 {[%clk 0:00:09]} Rxd4 {[%clk 0:00:17]} 44. Bc3 {[%clk 0:00:11]} Rxf4
{[%clk 0:00:17]} 45. Be5 {[%clk 0:00:11]} Re4 {[%clk 0:00:19]} 46. Bc3
{[%clk 0:00:11]} Rc8 {[%clk 0:00:19]} 47. Ba5 {[%clk 0:00:11]} Ra4
{[%clk 0:00:20]} 48. Be1 {[%clk 0:00:11]} e5 {[%clk 0:00:21]} 49. Kf2
{[%clk 0:00:12]} e4 {[%clk 0:00:21]} 50. Bd2 {[%clk 0:00:12]} Ra2
{[%clk 0:00:22]} 51. Ke3 {[%clk 0:00:13]} Rxd2 {[%clk 0:00:22]} 52. Kxd2
{[%clk 0:00:15]} Kf7 {[%clk 0:00:23]} 53. Ke3 {[%clk 0:00:16]} Ke6
{[%clk 0:00:25]} 54. Kf4 {[%clk 0:00:17]} Rc2 {[%clk 0:00:24]} 55. Ke3
{[%clk 0:00:18]} Rxg2 {[%clk 0:00:24]} 56. h4 {[%clk 0:00:19]} Ke5
{[%clk 0:00:21]} 57. h5 {[%clk 0:00:19]} f4# {[%clk 0:00:23]} 58. Kd4+ 0-1